| 000 | 00668cab a22002055a 4500 | ||
|---|---|---|---|
| 001 | L147505 | ||
| 008 | 090519e20090515xxk f 000 0 eng d | ||
| 035 | _a(Sirsi) u147505 | ||
| 041 | 0 | _aeng | |
| 100 | 1 | _aLever, Jon | |
| 245 | 0 | 0 | _aAPC advice |
| 260 | _c2009 | ||
| 490 | 0 |
_aProperty Week _v75(20) 15 May 2009, 42(1) |
|
| 520 | _aFocuses on producing a good set of APC final assessment documents. Ben Elder looks at the competency: analysis of client requirements. | ||
| 590 | _aKA | ||
| 651 | 4 |
_aUnited Kingdom _y |
|
| 690 | _aCAREERS, EDUCATION AND TRAINING-QUALIFICATION ROUTES-ASSESSMENT OF PROFESSIONAL COMPETENCE | ||
| 700 | 1 | _aElder, Ben | |
| 942 | _n0 | ||
| 999 |
_c81551 _d81551 |
||